000 00680nam a2200289Ia 4500
005 20260324145622.0
008 008 260324s9999 xx 000 0 eng d
020 _a9781315745763
037 _aEBOOK
040 _aCRL
040 _beng
040 _cCRL
041 _2eng
041 _aeng
084 _qCRL
100 _aJohanna Turner
_91221792
245 0 _aMade for Life (PLE: Emotion)
245 0 _bCoping, Competence and Cognition
260 _bTaylor and Francis
260 _c1980
365 _a
365 _b180
856 _uhttp://www.taylorfrancis.com/books/9781315745763
942 _cEBOOK
999 _c1831755
_d1831755